Patterns of family migration two methodical approaches

Gespeichert in:
Bibliographische Detailangaben
1. Verfasser: Castro, Luis J.
Weitere Verfasser: Rogers, Andrei
Format: Buch
Sprache:Englisch
Veröffentlicht: Laxenburg International Institute for Applied Systems Analysis 1983
Tags: Tag hinzufügen
Keine Tags, Fügen Sie das erste Tag hinzu!

MARC

LEADER 00000nam a2200000 4500
001 c130939
005 20041019155250.9
041 0 |a eng 
044 |a AT 
245 1 0 |a Patterns of family migration  |b two methodical approaches  |c Luis J. Castro, Andrei Rogers 
264 1 |a Laxenburg  |b International Institute for Applied Systems Analysis  |c 1983 
300 |a S. 238-254 
500 |a Separát z: Environment and planning A, vol. 15 number 2 (1983) 
100 1 |a Castro, Luis J. 
700 1 |a Rogers, Andrei